Bilecik Bilecik Bilecik Bilecik Bilecik

Ekonomik ve hukuki açıdan piyasa kapama etkisi/ (Record no. 38175)

MARC details
000 -BAŞLIK
Sabit Uzunluktaki Kontrol Alanı 01071nam a22003497a 4500
001 - KONTROL NUMARASI
Control Dosyası 0038336
003 - KONTROL NUMARASI KİMLİĞİ
Kontrol Alanı KOHA_MİRAKIL
005 - EN SON İŞLEM TARİHİ ve ZAMANI
Kontrol Alanı 20260207003057.0
007 - FİZİKSEL TANIM SABİT ALAN - GENEL BİLGİ
Sabit uzunluklu kontrol alanı ta
008 - SABİT UZUNLUKTAKİ VERİ ÖGELERİ - GENEL BİLGİ
Sabit Alan 120903b2005 tu |||gr||||#||||0|tur |
020 ## - ISBN - ULUSLARARASI STANDART KİTAP NUMARASI
Isbn 9758936182
040 ## - KATALOGLAMA KAYNAĞI
Özgün Kataloglama Kurumu TR-BiSEU
Kataloglama Dili tur
Çeviri Kurumu TR-BiSEU
Açıklama Kuralları rda
041 0# - DİL KODU
Metin ya da ses kaydının dil kodu tur
044 ## - YAYINLAYAN/ÜRETEN KURULUŞUN ÜLKE KODU
ISO country code tu
050 ## - SINIFLAMA ve YER NUMARASI
Sınıflama Numarası HF5415
Yer Numarası .K37 2005
100 1# - KİŞİ ADI
Yazar Adı (Kişi adı) Karakurt, Alper.
245 1# - ESER ADI BİLDİRİMİ
Başlık Ekonomik ve hukuki açıdan piyasa kapama etkisi/
Sorumluluk Bildirimi Alper Karakurt ; Alper Karakurt.
250 ## - BASIM BİLDİRİMİ
Basım Bildirimi 1. bsk.
264 #1 - ÜRERİM, YAYIN, DAĞITIM ve TELİF BİLDİRİMİ
Yayın yeri Ankara :
Yayınlayan Rekabet Kurumu
Yayın tarihi 2005
300 ## - FİZİKSEL TANIMLAMA
Sayfa, Cilt vb. iv, 82 sayfa ;
Boyutları 23 cm.
336 ## - İÇERİK TÜRÜ
Content type term metin
Content type code txt
Source rdacontent
337 ## - MEDYA TÜRÜ
Media type term aracısız
Media type code n
Source rdamedia
338 ## - TAŞIYICI TÜRÜ
Carrier type term cilt
Carrier type code nc
Source rdacarrier
490 1# - DİZİ BİLDİRİMİ
Dizi Bildirimi Rekabet Kurumu ;
Cilt Numarası yayın no 0175.
490 1# - DİZİ BİLDİRİMİ
Dizi Bildirimi Uzmanlık tezleri servisi ;
Cilt Numarası no: 67
500 ## - GENEL NOT
Genel Not Kaynakça var.
650 #0 - KONU BAŞLIĞI EK GİRİŞ - KONU TERİMİ
Konusal terim veya coğrafi ad Market segmentation.
9 (RLIN) 24344
650 #0 - KONU BAŞLIĞI EK GİRİŞ - KONU TERİMİ
Konusal terim veya coğrafi ad Piyasa bölünmesi.
9 (RLIN) 71645
830 1# - SERİ EK GİRİŞİ - TEKBİÇİM ESER ADI
Tekbiçim Başlık Rekabet Kurumu ;
Volume number/sequential designation yayın no 0175.
9 (RLIN) 6192
830 1# - SERİ EK GİRİŞİ - TEKBİÇİM ESER ADI
Tekbiçim Başlık Uzmanlık tezleri servisi ;
Volume number/sequential designation no: 67
9 (RLIN) 71646
942 ## - EK GİRİŞ ÖGELERİ (KOHA)
Source of classification or shelving scheme Library of Congress Classification
Koha item type Book
Holdings
Materyal Türü Kalıcı Konum Mevcut Konum Raf Yeri Sınıflandırma Kaynağı Edinim Bilgisi Ana Konular Alt Konular Yer Numarası Demirbaş Numarası Fatura Tarihi Geri Çekilme Durumu Kayıp Durumu Hasarlı Durumu Kredi için değil Kayıt Tarih Toplam Ödünçverme Son Görülme Tarihi Son Kontrol Tarihi Genel / Bağış Notu
Book Prof. Dr. Azmi Özcan Kütüphanesi Prof. Dr. Azmi Özcan Kütüphanesi Uluğbey Salonu Library of Congress Classification Bağış SOSYAL BİLİMLER Ticaret HF5415 .K37 2005 0038336 02/02/2026         03/09/2012   05/12/2024 05/12/2024 Genel Bağış